| 000 | 01371nab a22002657a 4500 | ||
|---|---|---|---|
| 999 |
_c5301 _d5301 |
||
| 003 | OSt | ||
| 005 | 20250312062538.0 | ||
| 008 | 190603e xxum|||| |||| 00| 0 spa d | ||
| 040 | _cPJ-TDF | ||
| 100 |
_aLeonardi, Juan Manuel _95456 |
||
| 245 | 1 | 3 |
_aLa bilateralidad también rige en los juicios de alimentos / _cJuan Manuel Leonardi. |
| 260 |
_cCiudad Autónoma de Buenos Aires : _aThomson Reuters La Ley, _b2023. |
||
| 300 | _ap. 113-121 | ||
| 500 | _aCita: TR LALEY AR/DOC/2043/2023. | ||
| 505 | _aSumario: I. Introducción.— II. El origen del problema: la disparidad de los procedimientos.— III. Intento de solucionar la contradicción.— IV. La situación actual.— V. El proceso de acuerdo con el Código Civil y Comercial.— VI. Incidencias procesales del Código Civil y Comercial.— VII. Contestación de demanda.— VIII. Conclusiones. | ||
| 505 | _t¿Te interesa el texto completo? Solicitalo al correo: koha@justierradelfuego.gov.ar | ||
| 650 | 0 |
_9967 _aDERECHO DE FAMILIA |
|
| 650 | 0 |
_9968 _aALIMENTOS |
|
| 650 | 0 |
_aPROCESOS DE FAMILIA _93874 |
|
| 650 | 0 |
_aPRESCRIPCIÓN _93092 |
|
| 650 | 0 |
_aCONTESTACIÓN DE LA DEMANDA _93295 |
|
| 650 | 0 |
_aRESPONSABILIDAD PARENTAL _91015 |
|
| 773 | 0 |
_02713 _93170 _dCiudad Autónoma de Buenos Aires : Thomson Reuters La Ley, 2015- _tRevista Código Civil y Comercial. Nº 5 - Octubre 2023 |
|
| 942 |
_2udc _cANA |
||